[Event "5th Srefidensi Celebration 2017"]
[Site "Paramaribo"]
[Date "2017.11.25"]
[Round "8"]
[White "Farley, Terry"]
[Black "Guerrero Vargas, Andres Jesus"]
[Result "0-1"]
[WhiteElo "2253"]
[BlackElo "2307"]
[Annotator "TA"]
[PlyCount "96"]
[EventDate "2017.??.??"]
[EventCountry "SUR"]
[SourceTitle "playchess.com"]
[Source "ChessBase"]
[SourceQuality "1"]

{[%evp 19,96,-19,6,-29,0,0,0,0,0,0,40,35,50,26,25,-62,-56,-250,-249,-247,-243,-311,-308,-306,-304,-293,-309,-302,-305,-299,-301,-334,-337,-319,-335,-361,-351,-339,-332,-311,-286,-281,-256,-362,-346,-437,-431,-434,-430,-493,-485,-449,-420,-667,-680,-659,-651,-935,-941,-885,-876,-1359,-1160,-4805,-2755,-2690,-1427,-2136,-1406,-5173,-2943,-29982,-29983,-29988,-29989,-29988,-29986,-29990,-29991]} 1. e4 c5 2. Nf3 e6 3. d4 cxd4 4. Nxd4 Nc6 5. Nc3 Qc7 6. Be3 a6 7. Bd3 b5 8. O-O Bb7 9. Qe2 Nf6 10. Kh1 h5 {LiveBook: 5 Partien. B48: Sizilianisch (Paulsen-Variante)} 11. f4 (11. Nxc6 $5 {[%cal Rc6d4]} Ng4 12. f4 Nxe3 13. Qxe3 Qxc6 14. Ne2 $11) 11... h4 12. Nf3 $146 ({Vorgänger:} 12. a3 b4 13. axb4 Nxb4 14. Rf3 d5 15. e5 Ne4 16. Bxe4 dxe4 17. Rh3 Be7 18. Qg4 {1-0 (35) Fedorov,A (2602)-Potkin,V (2552) Sochi 2005}) 12... h3 {Die Stellung ist ausgeglichen.} 13. g3 $1 Na5 14. Bg1 b4 15. Na4 Qc6 16. Nb6 Rb8 {[%cal Rf6e4]} 17. e5 (17. Bd4 $11) 17... Ne4 $1 $15 {[%cal Bf6e4,Be4d2,Bd2f3][%mdl 32]} 18. Bxa6 $2 (18. Qxe4 $15 Qxe4 19. Bxe4 Bxe4 20. Rad1) 18... Bxa6 $19 19. Qxa6 Nd2 ({Schlechter ist} 19... Qxc2 20. Ne1 $11) 20. Qxa5 {[#] zielt auf Da4 ab.} Nxf3 21. Qa4 Nxg1+ ({Nicht} 21... Rxb6 22. Qxc6 Rxc6 23. Rxf3 $14) 22. Qxc6 dxc6 23. Nc4 Ne2 24. Rad1 c5 25. Rfe1 Nd4 26. c3 Nc6 27. Kg1 bxc3 28. bxc3 Be7 29. Kf2 O-O 30. Rd7 Rfd8 31. Red1 (31. Rc7 {war einen Versuch wert.} Rdc8 32. Rxc8+ Rxc8 33. a4) 31... Ra8 32. a3 Ra4 33. Rxd8+ Bxd8 34. Nd6 Rxa3 35. Ne4 Be7 36. Kf3 (36. Rd7 $142) 36... f5 37. exf6 gxf6 {[%cal Bg7f6,Bf6f5][%mdl 32]} 38. Rd3 f5 39. Nd2 Bf6 40. Ke3 Rxc3 41. Rxc3 Bxc3 42. Nf3 Bf6 43. Kd3 e5 {[%cal Be6e5,Be5e4][%mdl 32] [#] ...e4+ ist eine echte Drohung.} 44. Ng1 e4+ 45. Kd2 c4 {[%cal Bc5c4,Bc4c3][%mdl 32] Schwarz setzt Matt.} 46. Nxh3 c3+ 47. Kc1 Bd4 48. Ng5 Nb4 {Precision: Weiß = 44%, Schwarz = 71%.} 0-1

[Event "5th Srefidensi Celebration 2017"]
[Site "Paramaribo"]
[Date "2017.11.25"]
[Round "8"]
[White "Cupid, Kevin"]
[Black "Harper, Ryan"]
[Result "1/2-1/2"]
[WhiteElo "2163"]
[BlackElo "2201"]
[Annotator "TA"]
[PlyCount "68"]
[EventDate "2017.??.??"]
[EventCountry "SUR"]
[SourceTitle "playchess.com"]
[Source "ChessBase"]
[SourceQuality "1"]

{[%evp 13,68,39,68,15,30,-6,0,0,-6,-9,-3,-3,-7,-28,-11,-14,32,21,36,31,47,34,48,42,52,52,55,50,101,29,35,46,39,0,0,0,0,0,31,38,50,38,42,20,108,116,106,39,77,0,0,0,0,0,0,0,0]} 1. d4 e6 2. c4 Nf6 3. Nf3 b6 4. Nc3 Bb7 5. e3 g6 6. Bd3 Bg7 7. O-O O-O {LiveBook: 15 Games} 8. Re1 {E14: Queen's Indian: Classical Variation (4 e3)} ({White should try} 8. e4 $14) (8. e4 d6 9. h3 Nbd7 10. Bg5 e5 11. d5 Re8 12. b4 Qe7 13. a3 Qf8 14. Qd2 Nh5 15. Nb5 Rec8 {0-1 (52) Peralta,F (2596)-Ipatov,A (2613) Rabat 2014}) 8... c5 9. Bf1 d5 10. cxd5 $146 ({Predecessor:} 10. dxc5 bxc5 11. cxd5 exd5 12. Ne2 Nc6 13. Qc2 Nb4 14. Qb3 a5 15. Ng3 {0-1 (54) Babich,E-Nesterovskaya,A (2055) Kiev 2004}) 10... exd5 11. b3 Ne4 12. Bb2 Nc6 {[%cal Bb8c6,Bc6b4,Bb4d5,Bd5f4][%mdl 32]} 13. Rc1 cxd4 (13... Rc8 {keeps more tension.} 14. Bb5 Ne7 15. Qe2 Nf5 16. Nxe4 dxe4 17. Ne5 cxd4 18. Rxc8 Bxc8 19. exd4 Nxd4 20. Bxd4 Qxd4 21. Nc6 Qc5) 14. exd4 Rc8 15. Nxe4 dxe4 16. Rxe4 Nb4 17. Rxc8 Qxc8 18. Re3 Nd5 19. Re1 Nf4 20. Ne5 h5 ({Better is} 20... Bd5 $14) 21. Nd3 (21. Bc1 $16 Qf5 22. Bxf4 Qxf4 23. Bc4) 21... Ne6 22. Qa1 Rd8 {[%cal Re6d4]} 23. d5 Bxb2 24. Qxb2 Bxd5 25. Qf6 Rf8 26. Nb4 Qd8 27. Nxd5 Qxd5 28. Bc4 Qd2 {[#]} (28... Qd8 $11 {keeps the balance.} 29. Rxe6 Qd1+ 30. Bf1 fxe6 31. Qxg6+ Kh8) 29. Kf1 $1 $36 {[%mdl 2048] Threatens to win with Rxe6. Black is under strong pressure.} Re8 30. g3 (30. h4 $16) 30... Qd6 31. f4 (31. Kg2 $16) 31... Qc6 $11 {And now ...Qh1+ would win.The position is equal.} 32. Kf2 Qc5+ 33. Kg2 Qc6+ 34. Kf2 Qc5+ {Precision: White = 51%, Black = 39%.} 1/2-1/2

[Event "5th Srefidensi Celebration 2017"]
[Site "Paramaribo"]
[Date "2017.11.25"]
[Round "8"]
[White "Hanoeman, Suradj"]
[Black "Gu, Xiaobing"]
[Result "1-0"]
[WhiteElo "2048"]
[BlackElo "2332"]
[Annotator "TA"]
[PlyCount "117"]
[EventDate "2017.??.??"]
[EventCountry "SUR"]
[SourceTitle "playchess.com"]
[Source "ChessBase"]
[SourceQuality "1"]

{[%evp 12,117,-4,-4,0,-9,21,10,29,29,31,2,17,-49,-47,-47,-47,-46,-46,-46,-46,-52,-47,-34,-38,-89,-71,-86,-5,-88,-72,-68,-66,-76,-82,-105,-112,-98,-96,-164,-185,-301,-313,-304,-258,-383,-373,-354,0,-118,-123,-115,-127,-136,-122,-95,-45,-85,-14,-38,0,0,0,0,18,0,0,0,31,0,0,0,47,0,0,0,0,0,0,0,332,8,8,4,5,0,50,0,0,3,2,0,0,0,5,0,16,0,28,31,2152,1921,6205,6185,5838,5838,5585,5519]} 1. d4 Nf6 2. Nc3 d5 3. Bg5 h6 4. Bxf6 exf6 5. e3 c6 6. Bd3 Bd6 {D01: Veresov Opening} (6... f5 7. Qd2 g6 8. Nce2 Nd7 9. c4 {½-½ (9) Laznicka,V (2670)-Erdos,V (2615) Jerusalem 2015}) 7. Qf3 {LiveBook: 7 Games} Nd7 8. g4 Nf8 {The position is equal.} 9. O-O-O Be6 10. Nge2 Qd7 $146 ({Predecessor:} 10... Qa5 11. Kb1 b5 12. Nc1 Qb6 13. e4 b4 14. Na4 {1-0 (34) Meszaros,G (2345)-Serdarevic,M (2272) Zenica 2002}) 11. h3 Ng6 {And now ...Nh4 would win.} 12. Bxg6 (12. e4 $11) 12... fxg6 $15 13. e4 {[%cal Re4d5]} O-O $36 {[%mdl 2048] Black fights for an advantage.} 14. exd5 cxd5 15. Nf4 Bxf4+ 16. Qxf4 g5 17. Qd2 Bf7 18. f4 (18. Qd3 $15) 18... gxf4 $17 19. Qxf4 Rac8 (19... Bg6 $17) 20. Rd2 (20. Qf5 $11 Be6 21. Qd3) 20... b5 {[%cal Bb7b5,Bb5b4][%mdl 32]} 21. Qf5 Be6 22. Qd3 b4 23. Ne2 f5 24. Nf4 fxg4 25. Ng6 (25. Nxe6 $17 Qxe6 26. hxg4) 25... Rf3 $19 (25... gxh3 26. Nxf8 Rxf8 27. Qe3 $17) 26. Qe2 (26. Qa6 $142 Qe8 27. Re1 Qxg6 28. Rxe6 Rf1+ 29. Qxf1 Qxe6 30. hxg4) 26... Rf6 ({Don't play} 26... Rxh3 27. Rf1 $19) 27. Ne5 Qa4 28. Nxg4 Bxg4 29. Qxg4 Rfc6 $2 ({Better is} 29... Rc7 $19 30. Kb1 Ra6) 30. Rg1 (30. Kb1 $1 $11 {was the only way to keep the balance.}) 30... R8c7 $17 ({Reject} 30... Rxc2+ $6 31. Kb1 $11) 31. Kb1 Ra6 {[#]} ({Of course not} 31... Rxc2 $6 32. Qe6+ Kh8 33. Qxd5 $11) 32. a3 $1 {[%mdl 512]} bxa3 33. b3 a2+ 34. Ka1 Qc6 (34... Qb4 $17 {[%cal Rb4c3]} 35. Rd3 Rac6) 35. Qg3 Rf7 36. Rdg2 Qf6 37. Qd3 Rb6 38. Rg6 Qf2 39. R6g2 Qf6 40. Rg6 Qf2 41. R6g2 Qf6 42. Rg6 Qe7 43. Rxb6 axb6 44. Kxa2 $11 {[%mdl 4096] Endgame KQR-KQR} Qb4 45. Kb2 Rf4 $2 {[%mdl 8192] [#]} (45... Ra7 $11) 46. Rd1 $2 ({White must play} 46. Rxg7+ $1 $18 {[%mdl 512]} Kxg7 47. Qg3+ Kh7 48. Qxf4) 46... Qe7 47. Qg6 Rf6 48. Qd3 (48. Qg4 {is interesting.} Kh7 49. Qg3 Qe4 50. Qe5 Qxe5 51. dxe5 Rf3 52. Rd3) 48... Re6 49. Ra1 Re4 50. Ra8+ Kh7 51. Ra1 (51. Rc8 {feels hotter.} Qf6 52. c3 Qf2+ 53. Ka3 Qe3 54. Qf1) 51... Qf6 52. Rd1 Qg6 53. Qb5 Qh5 54. Rd3 Re6 55. Qd7 Re1 $2 {[%mdl 8192]} (55... Rg6 $14) 56. Rg3 $18 {[%csl Gg3][%cal Rd7g7] White is clearly winning.} Rb1+ 57. Kxb1 {[%csl Gg3][%cal Rd7g7]} Qd1+ 58. Kb2 {[%csl Gg3][%cal Rd7g7]} Qxd4+ 59. Ka2 {Precision: White = 41%, Black = 43%.} 1-0

[Event "5th Srefidensi Celebration 2017"]
[Site "Paramaribo"]
[Date "2017.11.26"]
[Round "9"]
[White "Tiviakov, Sergei"]
[Black "Hanoeman, Suradj"]
[Result "1-0"]
[WhiteElo "2591"]
[BlackElo "2048"]
[Annotator "TA"]
[PlyCount "74"]
[EventDate "2017.??.??"]
[EventCountry "SUR"]
[SourceTitle "playchess.com"]
[Source "ChessBase"]
[SourceQuality "1"]

{[%evp 18,74,3,0,51,77,66,44,108,129,123,113,121,96,160,165,227,223,212,201,364,356,352,355,397,346,347,260,260,267,268,269,269,264,268,257,264,259,262,258,254,237,254,238,245,247,252,251,279,272,273,272,313,295,329,329,322,322,309]} 1. e4 {[%cal Be2e4,Be4e5][%mdl 32]} c5 2. Nf3 e6 3. c3 Nf6 4. e5 Nd5 5. g3 Nc6 6. Bg2 d6 7. exd6 Bxd6 8. d4 O-O 9. O-O cxd4 10. Nxd4 {LiveBook: 144 Games} Nce7 {B22: Sicilian: 2 c3} (10... Nxd4 $11 11. Qxd4 Qc7) (10... Bd7 11. Nxc6 Bxc6 12. Nd2 Rc8 13. Re1 b5 14. Nf3 a6 15. Qd3 Bc5 16. Qe2 Nb6 17. Be3 Bxe3 18. Qxe3 {½-½ (26) Rakhmanov,A (2640)-Pantsulaia,L (2598) Al Ain 2015}) 11. Qe2 $14 a6 12. c4 $146 ({Predecessor:} 12. Rd1 Qc7 13. Nd2 Be5 14. N2f3 Bf6 15. Ng5 Qe5 16. Ne4 Ng6 17. h4 Rd8 18. h5 Nf8 19. c4 Ne7 20. Bf4 Qxd4 21. Nxf6+ Qxf6 22. Rxd8 Nc6 23. Re8 {1-0 (23) De Dovitiis,A (2401)-Ferrara,A (2210) Buenos Aires 2003}) 12... Nb4 (12... e5 $14) 13. Rd1 $16 {Threatens to win with a3.} Qc7 14. Nc3 Be5 15. Nf3 Nbc6 (15... Bxc3 $142 16. bxc3 Nbc6) 16. Nxe5 Qxe5 (16... Nxe5 $142 17. b3 N5c6) 17. Qxe5 $18 Nxe5 18. b3 Rb8 $2 {[#]} (18... Re8 19. Ne4 Nf5) 19. Ba3 N5c6 20. Bd6 Ra8 21. Bxc6 Nxc6 22. Bxf8 Kxf8 23. Na4 Ke7 24. Nb6 Rb8 25. f4 e5 26. fxe5 Nxe5 27. Rd5 f6 28. Nxc8+ Rxc8 {[%mdl 4096] Endgame KRR-KRN} 29. a4 h5 30. Kg2 Rc7 31. Rad1 Ke6 32. h3 {White has a decisive advantage.} Re7 33. Kf2 Kf7 34. Re1 g5 35. Re3 Kg6 36. Ke2 Kf5 37. Kd2 Rc7 {Precision: White = 88%, Black = 33%.} 1-0

[Event "5th Srefidensi Celebration 2017"]
[Site "Paramaribo"]
[Date "2017.11.26"]
[Round "9"]
[White "Zavarce, Oscar Enrique"]
[Black "Cupid, Kevin"]
[Result "1-0"]
[WhiteElo "2391"]
[BlackElo "2163"]
[Annotator "NA"]
[PlyCount "73"]
[EventDate "2017.??.??"]
[EventCountry "SUR"]
[SourceTitle "playchess.com"]
[Source "ChessBase"]
[SourceQuality "1"]
[TimeControl "5400+30"]

1. e4 c6 2. d4 d5 3. e5 c5 4. dxc5 e6 5. a3 Qc7 6. f4 Bxc5 7. Nc3 Bd7 8. Bd3 Nc6 9. Nf3 g6 10. Nb5 Qb6 11. b4 Be7 ({Avoid the trap} 11... Bf2+ $2 12. Kf1 $18) 12. Qe2 a6 $16 13. Be3 Qd8 14. Nd6+ Bxd6 15. exd6 Qf6 16. O-O h5 17. a4 Nh6 18. b5 axb5 19. axb5 Rxa1 20. bxc6 Rxf1+ 21. Qxf1 Bxc6 22. Bd4 Qxf4 23. g3 Qxd6 24. Bxh8 Ng4 25. Qa1 Ke7 26. Bb2 Qb8 27. Bd4 Kf8 28. Qa3+ Kg8 29. Qe7 Qf8 30. Qg5 Qh6 31. Qd8+ Qf8 32. Qc7 Qh6 33. h3 e5 34. Nxe5 Qc1+ 35. Bf1 Nh6 36. Qd8+ Kh7 37. Nd3 1-0

[Event "5th Srefidensi Celebration 2017"]
[Site "Paramaribo"]
[Date "2017.11.26"]
[Round "9"]
[White "Garcia Martinez, Silvino"]
[Black "Lu, Shanglei"]
[Result "0-1"]
[WhiteElo "2335"]
[BlackElo "2640"]
[Annotator "TA"]
[PlyCount "25"]
[EventDate "2017.??.??"]
[EventCountry "SUR"]
[SourceTitle "playchess.com"]
[Source "ChessBase"]
[SourceQuality "1"]

{[%evp 17,25,43,39,24,22,13,37,14,33,36]} 1. e4 c5 2. Nf3 d6 3. d4 cxd4 4. Nxd4 Nf6 5. Nc3 a6 6. Be3 Ng4 7. Bg5 h6 8. Bc1 {B90: Sicilian Najdorf: Unusual White 6th moves, 6 Be3 Ng4 and 6 Be3 e5} Nc6 9. Nxc6 bxc6 {LiveBook: 5 Games} 10. h3 (10. Bc4 e5 11. b3 Be7 12. Bb2 O-O 13. Qe2 Nf6 14. O-O-O Be6 15. Bxe6 fxe6 {1-0 (40) Hou,Y (2666)-Navara,D (2737) Biel 2017}) 10... Nf6 11. f4 $146 ({Predecessor:} 11. Be2 Rb8 12. O-O e6 13. Re1 d5 14. exd5 cxd5 15. Bf3 Be7 {1-0 (50) Araboga,M (1751)-Ozbilici,A (1841) Manavgat 2015}) 11... Qb6 12. Bd3 (12. e5 $5 {[%cal Re5f6]} Nd7 13. e6 fxe6 14. Bd3 $11) 12... g5 13. Rb1 {[%mdl 32768] Loss on Time!?} 0-1

[Event "5th Srefidensi Celebration 2017"]
[Site "Paramaribo"]
[Date "2017.11.26"]
[Round "9"]
[White "Gu, Xiaobing"]
[Black "Halfhide, Sebastian"]
[Result "1/2-1/2"]
[WhiteElo "2332"]
[BlackElo "2333"]
[Annotator "NA"]
[PlyCount "104"]
[EventDate "2017.??.??"]
[EventCountry "SUR"]
[SourceTitle "playchess.com"]
[Source "ChessBase"]
[SourceQuality "1"]
[TimeControl "5400+30"]

1. e4 c5 2. Nf3 e6 3. g3 Nc6 4. Bg2 Nf6 5. Nc3 a6 6. d4 cxd4 7. Nxd4 Qc7 8. O-O Nxd4 9. Qxd4 Bc5 10. Bf4 d6 11. Qd2 h6 12. Rad1 e5 13. Be3 Be6 {B47: Sicilian: Taimanov: 5 Nc3 Qc7 6 f4, 6 g3 and 6 Be2} 14. Bxc5 dxc5 15. Nd5 Bxd5 16. exd5 Qd6 17. c4 O-O 18. Bh3 {[#]} Rad8 $146 ({Predecessor:} 18... Rfe8 19. Rfe1 h5 20. Re2 Re7 21. Rde1 {½-½ (48) Demchenko,A (2589)-Matlakov,M (2696) Kaliningrad 2015}) 19. Rfe1 Rfe8 20. Re3 b5 21. b3 Re7 22. Rde1 Rde8 $14 23. R3e2 Kf8 24. a3 Nh7 25. f3 Nf6 26. Qd3 Rb7 27. Qd2 Rbe7 28. Re3 Rb7 29. Qf2 Rbe7 30. R3e2 Rb7 31. Qe3 bxc4 32. bxc4 a5 33. Qc3 a4 34. Rxe5 Rxe5 35. Qxe5 Qxe5 36. Rxe5 Ne8 37. d6 Nxd6 38. Rxc5 Rb1+ 39. Bf1 Rb3 40. Rd5 Ke7 41. c5 Ne8 42. c6 Rxa3 43. Rd7+ Kf6 44. Bc4 Rc3 45. Rxf7+ Ke5 46. Re7+ Kd6 47. Re6+ Kc7 48. Ba2 Nf6 49. Bc4 Ne8 50. Bb5 a3 51. Rxe8 Rc1+ 52. Kg2 Kd6 1/2-1/2

[Event "5th Srefidensi Celebration 2017"]
[Site "Paramaribo"]
[Date "2017.11.26"]
[Round "9"]
[White "Harper, Ryan"]
[Black "Bruzon Batista, Lazaro"]
[Result "0-1"]
[WhiteElo "2201"]
[BlackElo "2661"]
[Annotator "TA"]
[PlyCount "30"]
[EventDate "2017.??.??"]
[EventCountry "SUR"]
[SourceTitle "playchess.com"]
[Source "ChessBase"]
[SourceQuality "1"]

{[%evp 25,30,26,26,0,7,6,4]} 1. e4 e5 2. Nf3 Nc6 3. Bb5 a6 4. Ba4 Nf6 5. d3 d6 6. c3 Be7 7. Nbd2 O-O 8. O-O Re8 9. Re1 Bf8 10. Nf1 h6 11. Ng3 b5 {C77: Spanische Partie (Anderssen-Variante)} 12. Bc2 d5 13. exd5 Qxd5 {LiveBook: 6 Partien} 14. a4 {[#] Lb3 ist eine echte Drohung.} b4 {[#]} 15. Bb3 $146 ({Vorgänger:} 15. Be3 Bb7 16. a5 Rad8 17. Ne4 Qe6 18. Bb3 Nd5 19. Bd2 {0-1 (67) Shomoev,A (2550)-Alekseev,E (2610) Sochi 2017}) 15... Qa5 {[%mdl 32768] Loss on Time!?} 0-1

[Event "5th Srefidensi Celebration 2017"]
[Site "Paramaribo"]
[Date "2017.11.26"]
[Round "9"]
[White "Sanches, Casanova Romario"]
[Black "Guerrero Vargas, Andres Jesus"]
[Result "0-1"]
[WhiteElo "2103"]
[BlackElo "2307"]
[Annotator "NA"]
[PlyCount "88"]
[EventDate "2017.??.??"]
[EventCountry "SUR"]
[SourceTitle "playchess.com"]
[Source "ChessBase"]
[SourceQuality "1"]
[TimeControl "5400+30"]

1. e4 e5 2. Bc4 Nf6 3. d3 Nc6 4. Nc3 Na5 5. Qf3 c6 6. a4 Nxc4 7. dxc4 d6 8. Nge2 Bg4 9. Qd3 Nd7 10. Qg3 $11 Be6 11. b3 h5 12. h4 g6 13. Ba3 Qc7 14. Rd1 Nf6 15. Qd3 O-O-O 16. O-O Be7 17. b4 Ng4 18. a5 f5 19. b5 fxe4 20. Nxe4 d5 21. Bxe7 Qxe7 22. Ng5 dxc4 23. Qxg6 Nf6 24. Rxd8+ Rxd8 25. Nxe6 Qxe6 26. bxc6 bxc6 27. Ng3 Rg8 28. Qf5 Qxf5 29. Nxf5 Rd8 30. Re1 Rd2 31. Ne3 c3 32. f3 e4 33. Nc4 Rd4 34. Ne5 Kc7 35. Kf2 Kd6 36. f4 Nd5 37. Nf7+ Ke7 38. Ng5 e3+ 39. Kf3 Rxf4+ 40. Ke2 Rf2+ 41. Kd3 Rd2+ 42. Kc4 Rxc2 43. Ne4 Rxg2 44. Nxc3 Rc2 0-1